000
00269nam a2200121 a 4500
008
101210s1956|||| d
100
1
_a
Stasov, V.V.
245
1
0
_a
O musorgskom
260
_b
SVKL
_c
1956
_a
Bratislava
020
_c
3,60
041
_a
slo
044
_a
xo
_c
SK
999
_c
15116
_d
15116